សិក្សាភាសាខ្មែរថ្នាក់ទី៩ / (Record no. 6541)
[ view plain ]
| 000 -LEADER | |
|---|---|
| fixed length control field | 01998nam a22002417a 4500 |
| 001 - CONTROL NUMBER | |
| control field | 6541 |
| 003 - CONTROL NUMBER IDENTIFIER | |
| control field | FISKH |
| 005 - DATE AND TIME OF LATEST TRANSACTION | |
| control field | 20250509135532.0 |
| 008 - FIXED-LENGTH DATA ELEMENTS--GENERAL INFORMATION | |
| fixed length control field | 250508b cb ||||| |||| 00| 0 eng d |
| 020 ## - INTERNATIONAL STANDARD BOOK NUMBER | |
| International Standard Book Number | 9789996333354 |
| 040 ## - CATALOGING SOURCE | |
| Original cataloging agency | FISKH |
| Language of cataloging | khr |
| Transcribing agency | FISKH |
| Modifying agency | FISKH |
| 082 ## - DEWEY DECIMAL CLASSIFICATION NUMBER | |
| Classification number | 400 |
| 100 ## - MAIN ENTRY--PERSONAL NAME | |
| Personal name | Sokheng, Kong |
| 245 ## - TITLE STATEMENT | |
| Title | សិក្សាភាសាខ្មែរថ្នាក់ទី៩ / |
| Statement of responsibility, etc. | រៀបរៀងនិងនិពន្ធដោយលោក គង់ សុខហេង |
| 250 ## - EDITION STATEMENT | |
| Edition statement | បោះពុម្ពលើកទី១ |
| 260 ## - PUBLICATION, DISTRIBUTION, ETC. | |
| Place of publication, distribution, etc. | ភ្នំពេញ : |
| Name of publisher, distributor, etc. | រោងពុម្ព ពេជ្រណែត , |
| Date of publication, distribution, etc. | ២០១៤ . |
| 300 ## - PHYSICAL DESCRIPTION | |
| Extent | 167 pages : |
| Other physical details | color illustrations ; |
| Dimensions | 20 cm . |
| 520 ## - SUMMARY, ETC. | |
| Summary, etc. | សៀវភៅ «សិក្សាភាសាខ្មែរថ្នាក់ទី៩» ដែលរៀបរៀងដោយលោក គង់ សុខហេង គឺជាវិភាគសិក្សាសម្បូរបែបមួយ ដែលត្រូវបានរចនាឡើងដើម្បីលើកស្ទួយសមត្ថភាពភាសាខ្មែររបស់សិស្សនៅថ្នាក់ទី៩។ សៀវភៅនេះសម្របសម្រួលតាមកម្មវិធីសិក្សាជាតិ ហើយត្រូវបានរៀបចំឡើងយ៉ាងមានលំដាប់ ដើម្បីជួយឲ្យការសិក្សាអភិវឌ្ឍទៅដោយសមរម្យ។ |
| 520 ## - SUMMARY, ETC. | |
| Summary, etc. | The book "Khmer Language Studies for Grade 9", compiled by Kong Sokheng, serves as a comprehensive educational resource designed to enhance students' proficiency in the Khmer language at the ninth-grade level. This textbook aligns with the national curriculum and is structured to facilitate progressive learning. |
| 650 ## - SUBJECT ADDED ENTRY--TOPICAL TERM | |
| Topical term or geographic name entry element | សិក្សាភាសាខ្មែរថ្នាក់ទី៩ |
| 942 ## - ADDED ENTRY ELEMENTS (KOHA) | |
| Source of classification or shelving scheme | Dewey Decimal Classification |
| Koha item type | Khmer Books |
| Suppress in OPAC | No |
| Withdrawn status | Lost status | Source of classification or shelving scheme | Damaged status | Not for loan | Collection | Home library | Current library | Shelving location | Date acquired | Total Checkouts | Full call number | Barcode | Date last seen | Copy number | Price effective from | Koha item type |
|---|---|---|---|---|---|---|---|---|---|---|---|---|---|---|---|---|
| Dewey Decimal Classification | Khmer Language Books / សៀវភៅភាសាខ្មែរ | Footprints International School Library Network Toul Tom Poung Campus | Footprints International School Library Network Toul Tom Poung Campus | TTP Secondary Khmer Bookshelves | 05/08/2025 | SOK 400 | FISSE02641 | 05/08/2025 | 1 | 05/08/2025 | Khmer Books | |||||
| Dewey Decimal Classification | Khmer Language Books / សៀវភៅភាសាខ្មែរ | Footprints International School Library Network Toul Tom Poung Campus | Footprints International School Library Network Toul Tom Poung Campus | TTP Secondary Khmer Bookshelves | 05/09/2025 | SOK 400 | FISSE02668 | 05/09/2025 | 2 | 05/09/2025 | Khmer Books | |||||
| Dewey Decimal Classification | Khmer Language Books / សៀវភៅភាសាខ្មែរ | Footprints International School Library Network Toul Tom Poung Campus | Footprints International School Library Network Toul Tom Poung Campus | TTP Secondary Khmer Bookshelves | 05/09/2025 | SOK 400 | FISSE02647 | 05/09/2025 | 3 | 05/09/2025 | Khmer Books | |||||
| Dewey Decimal Classification | Khmer Language Books / សៀវភៅភាសាខ្មែរ | Footprints International School Library Network Toul Tom Poung Campus | Footprints International School Library Network Toul Tom Poung Campus | TTP Secondary Khmer Bookshelves | 05/09/2025 | SOK 400 | FISSE02655 | 05/09/2025 | 4 | 05/09/2025 | Khmer Books |
